El sol ofuscado Derecho e Historia en el Cine y la Literatura. La Edad Moderna

Bibliographic Details
Format: eBook
Language:Spanish
Published: Madrid: Dykinson, 2018
Subjects:
Online Access:Acceso restringido

MARC

LEADER 00000nam a22000007a 4500
005 20190412125119.0
007 cr|||| ||||
008 190412s2018 es |||||s|||| 00||0 spa d
020 |a 978-84-9148-990-0 
035 |a 23003 
040 |a vLex 
090 |c 8613  |d 8613 
245 0 2 |a El sol ofuscado  |h [Recurso electrn̤ico] :  |b Derecho e Historia en el Cine y la Literatura. La Edad Moderna 
256 |a Servicio en ln̕ea 
260 |a Madrid:  |b Dykinson,  |c 2018 
300 |a 1 recurso electrn̤ico 
500 |a El verano de 1661, el 17 de agosto, el superintendente de Finanzas del reino de Francia, Nicols̀ Fouquet, ofreci ̤una gigantesca fiesta para celebrar la inauguracin̤ de su maravillosa nueva residencia a las afueras de Pars̕: el Vaux-le-Vicomte. El proyecto cont ̤con la participacin̤ de tres genios como el arquitecto Louis Le Vau, el paisajista Andr ̌le Notre y el pintor Charles le Brun. Franȯis Vatel dirigi ̤el festejo, Molir̈e escribi ̤una pieza teatral para conmemorar la ocasin̤ y, como es natural, el joven rey Luis XIV se convirti ̤en el invitado de honor. Pero, en pleno verano, el sol mont ̤en cl̤era. Ni siquiera cuando la siempre rp̀ida inteligencia de Fouquet capt ̤la dimensin̤ de la ira regia que se abata̕ sobre ľ, y reaccion ̤para ofrecer a su soberano su humilde morada en obsequio como testimonio de su lealtad, le result ̤posible evitar su detencin̤ y encarcelamiento por corrupcin̤. El rey se incaut ̤de su propiedad, y tom ̤a su servicio a Le Vau. Le Notre y Le Brun para levantar su propio palacio en Versalles. Y El sol ofuscado de Paul Morand decidi ̤que todos los recursos del Estado y todas las formas del arte deba̕n contribuir a la instalacin̤ de una nueva concepcin̤ del poder y, por lo tanto, del derecho y de la accin̤ polt̕ica. Una nueva concepcin̤ de las formas institucionales que habra̕ de merecer una preferente atencin̤ de la literatura y del cine. Y, con el Gran Siglo francš, el Renacimiento italiano, el Siglo de Oro espaǫl, la Inglaterra isabelina, la Ilustracin̤ escocesa, la Amřica en construccin̤… La Edad Moderna, como espacio de gestacin̤ de las formas de organizacin̤ polt̕ica y jurd̕ica y los sistemas de pensamiento todava̕ vigentes. Una Era para la transformacin̤ cientf̕ica y el cambio social iluminada por un sol ofuscado. 
506 1 |a Disponible solo en los productos indicados  |d vLex Global  |d vLex Global (Academic Edition, excluding Law Schools)  |d vLex Global (U.S. Academic Edition, Law Schools)  |d vLex Global (U.S. Academic Edition, excluding Law Schools)  |d vLex Global (Academic Edition, Law Schools) 
650 0 4 |a Cultura  |z Espaą 
740 0 |a vLex Libros (Servicio en ln̕ea) 
856 4 0 |u http://vlex.com/source/sol-ofuscado-derecho-e-historia-en-el-cine-y-la-literatura-la-edad-moderna-23003  |z Acceso restringido 
942 |c BOOK 
999 0 |a Culture